[Event "17th International Chess Festival"]
[Site "Rochefort"]
[Date "2018.02.17"]
[Round "8.2"]
[White "Demchenko, Anton"]
[Black "Ider, Borya"]
[Result "1-0"]
[BlackElo "2514"]
[WhiteElo "2671"]
[LiveChessVersion "1.4.8"]

1. e4 {[%clk 1:30:30]} e6 {[%clk 1:27:05]} 2. d4 {[%clk 1:31:11]} d5
{[%clk 1:27:30]} 3. Nd2 {[%clk 1:31:30]} dxe4 {[%clk 1:27:16]} 4. Nxe4
{[%clk 1:31:56]} Nd7 {[%clk 1:27:43]} 5. Nf3 {[%clk 1:31:19]} Ngf6
{[%clk 1:28:07]} 6. Nxf6+ {[%clk 1:27:16]} Nxf6 {[%clk 1:28:32]} 7. Be3
{[%clk 1:27:40]} Nd5 {[%clk 1:28:41]} 8. Bd2 {[%clk 1:27:12]} c5 {[%clk 1:29:05]}
9. Bb5+ {[%clk 1:19:51]} Bd7 {[%clk 1:29:18]} 10. Bxd7+ {[%clk 1:20:16]} Qxd7
{[%clk 1:29:44]} 11. c4 {[%clk 1:20:29]} Nb6 {[%clk 1:30:08]} 12. Rc1
{[%clk 1:20:03]} f6 {[%clk 1:30:29]} 13. O-O {[%clk 1:13:21]} Rc8
{[%clk 1:30:47]} 14. dxc5 {[%clk 1:10:36]} Bxc5 {[%clk 1:31:11]} 15. Qe2
{[%clk 1:09:16]} O-O {[%clk 1:28:19]} 16. Rfd1 {[%clk 1:08:02]} Rfe8
{[%clk 1:23:42]} 17. Be1 {[%clk 0:52:22]} Qf7 {[%clk 1:22:13]} 18. Nd2
{[%clk 0:52:42]} Bf8 {[%clk 1:10:50]} 19. Ne4 {[%clk 0:52:35]} Red8
{[%clk 1:07:22]} 20. b3 {[%clk 0:52:01]} Rd7 {[%clk 0:59:59]} 21. Ba5
{[%clk 0:51:14]} Rcd8 {[%clk 0:58:31]} 22. Re1 {[%clk 0:51:26]} Rc8
{[%clk 0:54:44]} 23. h3 {[%clk 0:47:03]} Rc6 {[%clk 0:52:49]} 24. Rcd1
{[%clk 0:46:41]} Rxd1 {[%clk 0:45:44]} 25. Rxd1 {[%clk 0:46:59]} Nd7
{[%clk 0:38:51]} 26. Rd2 {[%clk 0:37:23]} b6 {[%clk 0:31:09]} 27. Bc3
{[%clk 0:37:25]} h6 {[%clk 0:28:43]} 28. Qg4 {[%clk 0:30:36]} Kh8
{[%clk 0:18:08]} 29. Qd1 {[%clk 0:24:06]} Rc7 {[%clk 0:18:30]} 30. a4
{[%clk 0:24:31]} e5 {[%clk 0:17:35]} 31. a5 {[%clk 0:19:08]} b5 {[%clk 0:06:17]}
32. cxb5 {[%clk 0:13:24]} f5 {[%clk 0:06:44]} 33. Ng3 {[%clk 0:10:57]} e4
{[%clk 0:01:51]} 34. Bb2 {[%clk 0:05:10]} Qe6 {[%clk 0:01:28]} 35. Nh5
{[%clk 0:03:55]} e3 {[%clk 0:01:25]} 36. fxe3 {[%clk 0:04:20]} Qxe3+
{[%clk 0:01:16]} 37. Kh1 {[%clk 0:04:42]} Qe8 {[%clk 0:00:48]} 38. Nf4
{[%clk 0:04:22]} Kh7 {[%clk 0:01:12]} 39. Re2 {[%clk 0:03:22]} Qf7
{[%clk 0:01:39]} 40. Ne6 {[%clk 0:02:21]} Rc8 {[%clk 0:01:24]} 41. Qd5
{[%clk 0:22:44]} Kg8 {[%clk 0:28:11]} 42. Rd2 {[%clk 0:20:58]} Re8
{[%clk 0:26:25]} 43. Nxg7 {[%clk 0:19:22]} Re1+ {[%clk 0:23:10]} 44. Kh2
{[%clk 0:19:51]} Nc5 {[%clk 0:23:27]} 45. Nxf5 {[%clk 0:13:57]} Nxb3
{[%clk 0:23:19]} 46. Rd3 {[%clk 0:08:16]} Qxd5 {[%clk 0:22:15]} 47. Rxd5
{[%clk 0:08:46]} Rb1 {[%clk 0:20:23]} 48. Bd4 {[%clk 0:04:38]} Kf7
{[%clk 0:15:26]} 49. Bxa7 {[%clk 0:05:07]} Nxa5 {[%clk 0:14:53]} 50. g4
{[%clk 0:05:02]} Nc4 {[%clk 0:14:17]} 51. Bf2 {[%clk 0:03:43]} h5
{[%clk 0:13:11]} 52. Ne3 {[%clk 0:01:23]} Ne5 {[%clk 0:09:10]} 53. Bg3
{[%clk 0:00:59]} Rb2+ {[%clk 0:07:07]} 54. Kh1 {[%clk 0:01:28]} Ng6
{[%clk 0:06:00]} 55. Rxh5 {[%clk 0:01:33]} Rb3 {[%clk 0:06:10]} 56. Nf5
{[%clk 0:01:26]} Rb2 {[%clk 0:05:44]} 57. Rh7+ {[%clk 0:01:39]} Ke6
{[%clk 0:06:06]} 58. Rc7 {[%clk 0:01:41]} Kd5 {[%clk 0:05:32]} 59. Rc6
{[%clk 0:01:19]} Ne5 {[%clk 0:04:55]} 60. Ne3+ {[%clk 0:01:05]} Ke4
{[%clk 0:05:00]} 61. Bxe5 {[%clk 0:01:26]} Rb1+ {[%clk 0:04:17]} 62. Kg2
{[%clk 0:01:55]} Kxe5 {[%clk 0:04:43]} 63. b6 {[%clk 0:01:44]} Rb3
{[%clk 0:04:49]} 64. Nf5 {[%clk 0:00:48]} Kd5 {[%clk 0:05:15]} 65. Rc2
{[%clk 0:00:43]} Rxb6 {[%clk 0:04:52]} 66. Re2 {[%clk 0:01:13]} Bc5
{[%clk 0:04:21]} 67. h4 {[%clk 0:01:01]} Rb1 {[%clk 0:04:40]} 68. g5
{[%clk 0:00:58]} Rg1+ {[%clk 0:04:59]} 69. Kf3 {[%clk 0:01:05]} Bb6
{[%clk 0:05:19]} 70. Ng3 {[%clk 0:00:35]} Bc7 {[%clk 0:05:17]} 71. Rg2
{[%clk 0:00:49]} Ra1 {[%clk 0:05:37]} 72. Rd2+ {[%clk 0:00:54]} Ke6
{[%clk 0:06:03]} 73. Re2+ {[%clk 0:01:23]} Kf7 {[%clk 0:06:24]} 74. Re3
{[%clk 0:01:18]} Ra4 {[%clk 0:04:48]} 75. Ne4 {[%clk 0:01:46]} Ra1
{[%clk 0:03:46]} 76. Kg4 {[%clk 0:01:45]} Kg6 {[%clk 0:03:34]} 77. h5+
{[%clk 0:02:01]} Kg7 {[%clk 0:04:02]} 78. Rd3 {[%clk 0:01:22]} Rg1+
{[%clk 0:04:08]} 79. Kf5 {[%clk 0:01:51]} Rf1+ {[%clk 0:04:30]} 80. Ke6
{[%clk 0:02:04]} Bf4 {[%clk 0:01:46]} 81. Rd7+ {[%clk 0:02:17]} 1-0

[Event "17th International Chess Festival"]
[Site "Rochefort"]
[Date "2018.02.17"]
[Round "8.3"]
[White "Nikolov, Momchil"]
[Black "Dimitrov, Radoslav"]
[Result "0-1"]
[BlackElo "2478"]
[WhiteElo "2545"]
[LiveChessVersion "1.4.8"]

1. d4 {[%clk 1:30:56]} Nf6 {[%clk 1:30:55]} 2. c4 {[%clk 1:31:14]} d6
{[%clk 1:31:19]} 3. Nf3 {[%clk 1:28:36]} Bg4 {[%clk 1:31:42]} 4. Nc3
{[%clk 1:26:44]} Bxf3 {[%clk 1:30:39]} 5. exf3 {[%clk 1:26:41]} g6
{[%clk 1:30:44]} 6. Be3 {[%clk 1:22:10]} Bg7 {[%clk 1:31:07]} 7. Be2
{[%clk 1:18:15]} O-O {[%clk 1:30:59]} 8. O-O {[%clk 1:16:10]} Nbd7
{[%clk 1:29:08]} 9. Qb3 {[%clk 1:12:45]} Rb8 {[%clk 1:29:30]} 10. f4
{[%clk 1:11:28]} c6 {[%clk 1:22:57]} 11. d5 {[%clk 1:07:37]} Qa5 {[%clk 1:22:28]}
12. a3 {[%clk 1:02:43]} cxd5 {[%clk 1:12:15]} 13. cxd5 {[%clk 1:02:46]} Nb6
{[%clk 1:12:04]} 14. Rfd1 {[%clk 0:53:20]} Nfd7 {[%clk 1:06:13]} 15. Qa2
{[%clk 0:42:13]} Bxc3 {[%clk 1:00:53]} 16. bxc3 {[%clk 0:42:29]} Qxc3
{[%clk 1:00:24]} 17. a4 {[%clk 0:36:13]} Nc5 {[%clk 0:55:21]} 18. a5
{[%clk 0:33:53]} Nbd7 {[%clk 0:55:06]} 19. Rab1 {[%clk 0:27:00]} Qf6
{[%clk 0:55:01]} 20. Rb4 {[%clk 0:25:35]} b6 {[%clk 0:43:39]} 21. Bd4
{[%clk 0:23:44]} Qh4 {[%clk 0:43:56]} 22. a6 {[%clk 0:23:14]} Nf6
{[%clk 0:40:23]} 23. f5 {[%clk 0:14:49]} Qg5 {[%clk 0:37:21]} 24. fxg6
{[%clk 0:15:05]} fxg6 {[%clk 0:35:05]} 25. Ba1 {[%clk 0:12:40]} Nfe4
{[%clk 0:32:53]} 26. Rf1 {[%clk 0:07:49]} Qd2 {[%clk 0:12:46]} 27. Qxd2
{[%clk 0:08:02]} Nxd2 {[%clk 0:13:14]} 28. Re1 {[%clk 0:08:18]} Rf5
{[%clk 0:10:27]} 29. Bg4 {[%clk 0:04:28]} Nd3 {[%clk 0:10:18]} 30. Bxf5
{[%clk 0:03:32]} gxf5 {[%clk 0:10:47]} 31. Rxe7 {[%clk 0:00:37]} Nxb4
{[%clk 0:11:14]} 32. Rg7+ {[%clk 0:00:34]} Kf8 {[%clk 0:11:36]} 33. Rxa7
{[%clk 0:00:32]} Ne4 {[%clk 0:05:05]} 34. f3 {[%clk 0:00:31]} Nc5
{[%clk 0:05:24]} 35. Rxh7 {[%clk 0:00:33]} Nbxa6 {[%clk 0:05:11]} 36. h4
{[%clk 0:00:47]} Re8 {[%clk 0:02:24]} 37. Kh2 {[%clk 0:01:15]} Nb4
{[%clk 0:01:45]} 38. Rh8+ {[%clk 0:00:37]} Kf7 {[%clk 0:02:03]} 39. Rh7+
{[%clk 0:01:00]} Kg6 {[%clk 0:01:52]} 40. Rg7+ {[%clk 0:01:01]} Kh6
{[%clk 0:02:18]} 41. g4 {[%clk 0:00:31]} fxg4 {[%clk 0:02:28]} 42. fxg4
{[%clk 0:00:59]} Re2+ {[%clk 0:01:09]} 43. Kg3 {[%clk 0:25:10]} Re3+
{[%clk 0:31:02]} 44. Kh2 {[%clk 0:19:26]} Nxd5 {[%clk 0:30:07]} 45. h5
{[%clk 0:18:43]} Nf4 {[%clk 0:21:26]} 46. Rg8 {[%clk 0:17:19]} Ne4
{[%clk 0:21:16]} 0-1

[Event "17th International Chess Festival"]
[Site "Rochefort"]
[Date "2018.02.17"]
[Round "8.4"]
[White "Ikonnikov, Vyacheslav"]
[Black "Enchev, Ivajlo"]
[Result "1/2-1/2"]
[BlackElo "2492"]
[WhiteElo "2532"]
[LiveChessVersion "1.4.8"]

1. d4 {[%clk 1:30:57]} Nf6 {[%clk 1:30:51]} 2. Nf3 {[%clk 1:31:14]} d5
{[%clk 1:30:58]} 3. c4 {[%clk 1:31:30]} e6 {[%clk 1:31:01]} 4. Nc3
{[%clk 1:31:47]} a6 {[%clk 1:31:15]} 5. cxd5 {[%clk 1:31:13]} exd5
{[%clk 1:31:43]} 6. Bg5 {[%clk 1:31:27]} Be6 {[%clk 1:31:25]} 7. e3
{[%clk 1:29:54]} Nbd7 {[%clk 1:31:37]} 8. Bd3 {[%clk 1:28:49]} Bd6
{[%clk 1:31:56]} 9. O-O {[%clk 1:27:19]} O-O {[%clk 1:31:55]} 10. Qc2
{[%clk 1:26:48]} h6 {[%clk 1:32:17]} 11. Bh4 {[%clk 1:26:17]} c6 {[%clk 1:31:05]}
12. Rab1 {[%clk 1:24:01]} Qc7 {[%clk 1:26:44]} 13. Bg3 {[%clk 1:24:10]} c5
{[%clk 1:19:13]} 14. dxc5 {[%clk 1:07:48]} Nxc5 {[%clk 1:17:59]} 15. Nd4
{[%clk 0:56:15]} Bxg3 {[%clk 1:15:10]} 16. hxg3 {[%clk 0:52:29]} b5
{[%clk 1:12:07]} 17. Rbc1 {[%clk 0:46:58]} Rfc8 {[%clk 1:10:50]} 18. Nce2
{[%clk 0:42:48]} Qd6 {[%clk 1:01:58]} 19. Nxe6 {[%clk 0:40:10]} fxe6
{[%clk 1:01:07]} 20. Bg6 {[%clk 0:38:49]} Qd7 {[%clk 0:58:29]} 21. Qc3
{[%clk 0:36:32]} Nce4 {[%clk 0:55:08]} 22. Qd4 {[%clk 0:30:02]} Nd6
{[%clk 0:46:45]} 23. b3 {[%clk 0:25:51]} Nf7 {[%clk 0:42:07]} 24. Nf4
{[%clk 0:24:20]} Nh8 {[%clk 0:36:41]} 25. Bb1 {[%clk 0:18:03]} Qd6
{[%clk 0:35:23]} 26. Ng6 {[%clk 0:16:41]} Nxg6 {[%clk 0:26:48]} 27. Bxg6
{[%clk 0:17:08]} Rc6 {[%clk 0:26:39]} 28. Rc3 {[%clk 0:12:16]} Rac8
{[%clk 0:23:29]} 29. Rfc1 {[%clk 0:11:52]} Rxc3 {[%clk 0:23:21]} 30. Rxc3
{[%clk 0:12:11]} Rc7 {[%clk 0:20:54]} 31. Qd2 {[%clk 0:07:29]} Nd7
{[%clk 0:19:30]} 32. Qc1 {[%clk 0:06:18]} Rxc3 {[%clk 0:16:16]} 33. Qxc3
{[%clk 0:06:44]} Qc5 {[%clk 0:16:18]} 34. Qxc5 {[%clk 0:06:26]} Nxc5
{[%clk 0:16:46]} 35. b4 {[%clk 0:06:37]} Nd7 {[%clk 0:16:29]} 36. f4
{[%clk 0:06:06]} Nb8 {[%clk 0:14:37]} 37. a3 {[%clk 0:04:31]} Nd7
{[%clk 0:11:33]} 38. Kf2 {[%clk 0:03:59]} Nb6 {[%clk 0:10:23]} 39. e4
{[%clk 0:03:33]} Nc4 {[%clk 0:08:57]} 40. e5 {[%clk 0:01:47]} Kf8
{[%clk 0:07:07]} 41. Ke2 {[%clk 0:27:02]} Ke7 {[%clk 0:33:11]} 42. Kd3
{[%clk 0:27:02]} Nxa3 {[%clk 0:31:06]} 43. Kd4 {[%clk 0:27:24]} Nc4
{[%clk 0:31:21]} 44. g4 {[%clk 0:25:19]} a5 {[%clk 0:28:51]} 45. bxa5
{[%clk 0:24:17]} Nxa5 {[%clk 0:29:19]} 46. Kc5 {[%clk 0:24:41]} Nc4
{[%clk 0:26:21]} 47. Kxb5 {[%clk 0:22:10]} Ne3 {[%clk 0:26:14]} 48. g3
{[%clk 0:22:35]} Nxg4 {[%clk 0:21:03]} 49. Kc5 {[%clk 0:22:36]} Ne3
{[%clk 0:18:24]} 50. Kd4 {[%clk 0:19:35]} Nf1 {[%clk 0:17:54]} 51. g4
{[%clk 0:19:59]} Nh2 {[%clk 0:17:17]} 52. Ke3 {[%clk 0:20:09]} Nxg4+
{[%clk 0:16:49]} 53. Kf3 {[%clk 0:20:09]} h5 {[%clk 0:15:55]} 54. Bxh5
{[%clk 0:20:34]} Nh6 {[%clk 0:16:20]} 55. Bg6 {[%clk 0:20:52]} Nf5
{[%clk 0:15:31]} 56. Ke2 {[%clk 0:15:16]} Nh4 {[%clk 0:15:06]} 57. Bh5
{[%clk 0:14:54]} g6 {[%clk 0:12:19]} 58. Bg4 {[%clk 0:15:19]} Nf5
{[%clk 0:09:08]} 59. Kd3 {[%clk 0:14:34]} Nh6 {[%clk 0:06:49]} 60. Bd1
{[%clk 0:14:40]} g5 {[%clk 0:03:10]} 61. fxg5 {[%clk 0:14:46]} Nf7
{[%clk 0:03:38]} 62. Kd4 {[%clk 0:14:46]} Nxg5 {[%clk 0:04:03]} 63. Bb3
{[%clk 0:14:23]} Nf3+ {[%clk 0:02:37]} 64. Kc5 {[%clk 0:14:45]} Nxe5
{[%clk 0:02:36]} 65. Bxd5 {[%clk 0:15:06]} Nd7+ {[%clk 0:02:37]} 66. Kd4
{[%clk 0:14:56]} exd5 {[%clk 0:02:58]} 67. Kxd5 1/2-1/2

[Event "17th International Chess Festival"]
[Site "Rochefort"]
[Date "2018.02.17"]
[Round "8.5"]
[White "Castellanos Rodrigue, Renier"]
[Black "Shyam, Sundar M."]
[Result "0-1"]
[BlackElo "2521"]
[WhiteElo "2501"]
[LiveChessVersion "1.4.8"]

1. d4 {[%clk 1:30:57]} Nf6 {[%clk 1:30:47]} 2. Nf3 {[%clk 1:31:13]} e6
{[%clk 1:31:11]} 3. c4 {[%clk 1:31:34]} c5 {[%clk 1:31:37]} 4. d5
{[%clk 1:31:16]} d6 {[%clk 1:32:00]} 5. Nc3 {[%clk 1:31:29]} exd5
{[%clk 1:32:10]} 6. cxd5 {[%clk 1:31:54]} g6 {[%clk 1:32:36]} 7. Nd2
{[%clk 1:31:29]} Nbd7 {[%clk 1:31:07]} 8. e4 {[%clk 1:31:16]} Bg7
{[%clk 1:31:33]} 9. Be2 {[%clk 1:31:21]} O-O {[%clk 1:31:57]} 10. O-O
{[%clk 1:31:45]} Ne5 {[%clk 1:22:40]} 11. a4 {[%clk 1:15:40]} g5 {[%clk 1:13:46]}
12. Re1 {[%clk 1:10:16]} Nfg4 {[%clk 1:01:55]} 13. Nf1 {[%clk 0:52:02]} f5
{[%clk 1:01:32]} 14. exf5 {[%clk 0:47:32]} Bxf5 {[%clk 1:01:27]} 15. f3
{[%clk 0:45:00]} Nh6 {[%clk 0:54:18]} 16. Ng3 {[%clk 0:42:33]} Bg6
{[%clk 0:39:55]} 17. Be3 {[%clk 0:41:32]} Nhf7 {[%clk 0:29:07]} 18. Qd2
{[%clk 0:37:49]} a6 {[%clk 0:24:01]} 19. Nce4 {[%clk 0:34:00]} h6
{[%clk 0:22:49]} 20. Kh1 {[%clk 0:32:41]} Qd7 {[%clk 0:16:08]} 21. b4
{[%clk 0:27:17]} c4 {[%clk 0:14:27]} 22. Bd4 {[%clk 0:26:24]} Rae8
{[%clk 0:11:16]} 23. Qc3 {[%clk 0:25:21]} h5 {[%clk 0:11:02]} 24. h3
{[%clk 0:22:44]} h4 {[%clk 0:07:10]} 25. Nf1 {[%clk 0:23:04]} g4 {[%clk 0:07:25]}
26. hxg4 {[%clk 0:22:39]} Bxe4 {[%clk 0:07:52]} 27. fxe4 {[%clk 0:23:04]} Ng5
{[%clk 0:08:12]} 28. Qe3 {[%clk 0:18:23]} Bh6 {[%clk 0:08:12]} 29. Nh2
{[%clk 0:17:13]} Qh7 {[%clk 0:08:12]} 30. Bxe5 {[%clk 0:07:32]} Nxe4
{[%clk 0:08:00]} 31. Qb6 {[%clk 0:05:33]} Rxe5 {[%clk 0:07:49]} 32. Bxc4
{[%clk 0:04:19]} Ng3+ {[%clk 0:08:10]} 33. Kg1 {[%clk 0:04:47]} Qe7
{[%clk 0:08:17]} 0-1

[Event "17th International Chess Festival"]
[Site "Rochefort"]
[Date "2018.02.17"]
[Round "9.1"]
[White "Sumets, Andrey"]
[Black "Demchenko, Anton"]
[Result "1/2-1/2"]
[BlackElo "2671"]
[WhiteElo "2569"]
[LiveChessVersion "1.4.8"]

1. Nf3 {[%clk 1:27:56]} Nf6 {[%clk 1:30:51]} 2. g3 {[%clk 1:28:22]} g6
{[%clk 1:31:11]} 3. Bg2 {[%clk 1:28:48]} Bg7 {[%clk 1:31:37]} 4. O-O
{[%clk 1:28:43]} O-O {[%clk 1:32:02]} 5. d4 {[%clk 1:28:38]} d6 {[%clk 1:32:18]}
6. Nc3 {[%clk 1:24:14]} Nbd7 {[%clk 1:32:18]} 7. a4 {[%clk 1:23:49]} a5
{[%clk 1:24:48]} 8. h3 {[%clk 1:16:35]} c6 {[%clk 1:20:11]} 9. b3
{[%clk 1:09:21]} Re8 {[%clk 1:17:57]} 10. e4 {[%clk 1:00:30]} e5 {[%clk 1:16:19]}
11. dxe5 {[%clk 1:00:49]} dxe5 {[%clk 1:15:26]} 12. Ba3 {[%clk 0:55:58]} Bf8
{[%clk 1:11:49]} 13. Bxf8 {[%clk 0:56:15]} Kxf8 {[%clk 1:10:06]} 14. Qd2
{[%clk 0:53:55]} Kg7 {[%clk 1:09:40]} 15. Rad1 {[%clk 0:52:59]} Qe7
{[%clk 1:09:25]} 16. Rfe1 {[%clk 0:43:39]} Nc5 {[%clk 1:06:35]} 17. Qe3
{[%clk 0:43:28]} b6 {[%clk 0:52:33]} 1/2-1/2

[Event "17th International Chess Festival"]
[Site "Rochefort"]
[Date "2018.02.17"]
[Round "9.2"]
[White "Shyam, Sundar M."]
[Black "Solodovnichenko, Yuri"]
[Result "1/2-1/2"]
[BlackElo "2528"]
[WhiteElo "2521"]
[LiveChessVersion "1.4.8"]

1. e4 {[%clk 1:30:53]} c5 {[%clk 1:30:52]} 2. Nf3 {[%clk 1:31:09]} d6
{[%clk 1:31:15]} 3. d4 {[%clk 1:31:30]} Nf6 {[%clk 1:31:39]} 4. Nc3
{[%clk 1:31:45]} cxd4 {[%clk 1:32:02]} 5. Nxd4 {[%clk 1:32:12]} e6
{[%clk 1:30:55]} 6. Be3 {[%clk 1:27:44]} Nc6 {[%clk 1:29:29]} 7. f4
{[%clk 1:26:43]} Be7 {[%clk 1:29:40]} 8. Qf3 {[%clk 1:27:07]} e5 {[%clk 1:30:00]}
9. Nf5 {[%clk 1:02:57]} Bxf5 {[%clk 1:30:13]} 10. exf5 {[%clk 1:03:26]} Nd4
{[%clk 1:30:34]} 11. Bxd4 {[%clk 0:45:55]} exd4 {[%clk 1:30:53]} 12. Nb5
{[%clk 0:46:20]} Qa5+ {[%clk 1:29:41]} 13. c3 {[%clk 0:46:47]} dxc3
{[%clk 1:29:46]} 14. Qxc3 {[%clk 0:47:14]} Qxc3+ {[%clk 1:29:55]} 15. Nxc3
{[%clk 0:47:41]} O-O-O {[%clk 1:29:32]} 16. O-O-O {[%clk 0:47:15]} d5
{[%clk 1:29:38]} 17. Be2 {[%clk 0:46:45]} d4 {[%clk 1:28:45]} 18. Nb5
{[%clk 0:45:45]} Bc5 {[%clk 1:28:14]} 19. Bf3 {[%clk 0:43:45]} a6
{[%clk 1:23:12]} 20. b4 {[%clk 0:41:43]} Bb6 {[%clk 1:21:37]} 21. Na3
{[%clk 0:40:46]} Rhe8 {[%clk 1:10:38]} 22. Rhe1 {[%clk 0:36:54]} Rxe1
{[%clk 1:10:34]} 23. Rxe1 {[%clk 0:37:22]} Bc7 {[%clk 1:10:56]} 24. Nc4
{[%clk 0:31:43]} Bxf4+ {[%clk 1:10:12]} 25. Kd1 {[%clk 0:32:11]} Kc7
{[%clk 1:01:23]} 26. g3 {[%clk 0:22:11]} Be3 {[%clk 0:51:26]} 27. a3
{[%clk 0:21:32]} Nd5 {[%clk 0:49:54]} 28. Ke2 {[%clk 0:21:23]} Bg5
{[%clk 0:39:10]} 29. Kd3 {[%clk 0:21:26]} Bf6 {[%clk 0:34:40]} 30. Bxd5
{[%clk 0:12:52]} Rxd5 {[%clk 0:35:05]} 31. g4 {[%clk 0:13:21]} b5
{[%clk 0:32:39]} 32. Nd2 {[%clk 0:13:34]} Bg5 {[%clk 0:29:30]} 33. Ne4
{[%clk 0:13:57]} Be3 {[%clk 0:29:20]} 34. Re2 {[%clk 0:13:32]} Kb6
{[%clk 0:26:08]} 35. Rc2 {[%clk 0:13:37]} Rd8 {[%clk 0:26:04]} 36. h4
{[%clk 0:13:34]} h6 {[%clk 0:20:30]} 37. Rc5 {[%clk 0:07:11]} f6 {[%clk 0:16:02]}
38. h5 {[%clk 0:01:51]} Bf4 {[%clk 0:16:30]} 39. Rc2 {[%clk 0:02:03]} Bd6
{[%clk 0:14:27]} 40. Nxd6 {[%clk 0:01:11]} Rxd6 {[%clk 0:14:51]} 41. Rc8
{[%clk 0:01:39]} Rd7 {[%clk 0:15:09]} 42. Re8 {[%clk 0:22:43]} 1/2-1/2

[Event "17th International Chess Festival"]
[Site "Rochefort"]
[Date "2018.02.17"]
[Round "9.4"]
[White "Filip, Lucian-Ioan"]
[Black "Maiorov, Nikita"]
[Result "1/2-1/2"]
[BlackElo "2547"]
[WhiteElo "2401"]
[LiveChessVersion "1.4.8"]

1. d4 Nf6 {[%clk 1:25:54]} 2. c4 {[%clk 1:31:19]} e6 {[%clk 1:26:18]} 3. g3
{[%clk 1:31:44]} Bb4+ {[%clk 1:22:53]} 4. Bd2 {[%clk 1:32:07]} a5
{[%clk 1:23:20]} 5. Bg2 {[%clk 1:31:59]} O-O {[%clk 1:23:44]} 6. Nf3
{[%clk 1:31:20]} b6 {[%clk 1:24:08]} 7. O-O {[%clk 1:26:35]} Bb7 {[%clk 1:24:29]}
8. Bf4 {[%clk 1:23:05]} Be7 {[%clk 1:22:58]} 9. Qc2 {[%clk 1:03:51]} Na6
{[%clk 1:21:12]} 10. Nc3 {[%clk 1:02:57]} d5 {[%clk 1:21:26]} 11. Ne5
{[%clk 0:59:13]} Qc8 {[%clk 1:09:16]} 1/2-1/2

[Event "17th International Chess Festival"]
[Site "Rochefort"]
[Date "2018.02.17"]
[Round "9.5"]
[White "Enchev, Ivajlo"]
[Black "Gabrielian, Artur"]
[Result "1-0"]
[BlackElo "2502"]
[WhiteElo "2492"]
[LiveChessVersion "1.4.8"]

1. d4 {[%clk 1:30:56]} Nf6 {[%clk 1:27:02]} 2. c4 {[%clk 1:29:21]} c5
{[%clk 1:27:02]} 3. d5 {[%clk 1:29:30]} e6 {[%clk 1:27:28]} 4. Nc3
{[%clk 1:29:56]} exd5 {[%clk 1:27:55]} 5. cxd5 {[%clk 1:30:22]} d6
{[%clk 1:28:21]} 6. Nf3 {[%clk 1:30:40]} g6 {[%clk 1:28:38]} 7. Bf4
{[%clk 1:31:01]} Bg7 {[%clk 1:28:51]} 8. Qa4+ {[%clk 1:30:30]} Bd7
{[%clk 1:29:17]} 9. Qb3 {[%clk 1:30:52]} b5 {[%clk 1:29:40]} 10. Bxd6
{[%clk 1:30:56]} Qb6 {[%clk 1:29:57]} 11. Be5 {[%clk 1:31:04]} O-O
{[%clk 1:30:11]} 12. e3 {[%clk 1:30:39]} c4 {[%clk 1:30:23]} 13. Qd1
{[%clk 1:30:36]} b4 {[%clk 1:30:27]} 14. Ne2 {[%clk 1:30:25]} Rc8
{[%clk 1:28:19]} 15. Nf4 {[%clk 1:30:15]} c3 {[%clk 1:15:49]} 16. Bd3
{[%clk 1:20:22]} Qa5 {[%clk 1:12:37]} 17. O-O {[%clk 1:13:00]} Ba4
{[%clk 1:11:48]} 18. b3 {[%clk 1:05:20]} Be8 {[%clk 1:09:16]} 19. a3
{[%clk 1:04:42]} bxa3 {[%clk 1:01:12]} 20. Qc1 {[%clk 0:59:14]} Nbd7
{[%clk 0:58:24]} 21. Rxa3 {[%clk 0:52:04]} Qb4 {[%clk 0:55:43]} 22. Bd4
{[%clk 0:50:35]} Nc5 {[%clk 0:48:30]} 23. Bc4 {[%clk 0:48:07]} Nfe4
{[%clk 0:46:03]} 24. Ne5 {[%clk 0:42:39]} c2 {[%clk 0:38:24]} 25. Ned3
{[%clk 0:36:11]} Qd2 {[%clk 0:09:13]} 26. Nxc5 {[%clk 0:31:12]} Bxd4
{[%clk 0:09:11]} 27. exd4 {[%clk 0:29:45]} 1-0

[Event "Rochefort Master 2018"]
[Site "Palais des Congrès de Rochefort"]
[Date "2018.02.17"]
[Round "1.6"]
[White "Solodovnichenko, Yuri"]
[Black "Niraj, Saripalli"]
[Result "1-0"]
[WhiteElo "2528"]
[BlackElo "2083"]
[PlyCount "75"]
[EventDate "2018.02.18"]
[WhiteTeam "Vandoeuvre-Echecs"]

1. e4 e5 2. Nf3 Nc6 3. Bb5 g6 4. d4 exd4 5. c3 Bg7 6. cxd4 a6 7. Ba4 Nge7 8. d5
b5 9. Bc2 Na5 10. Bd2 Nc4 11. Bc3 O-O 12. Bxg7 Kxg7 13. b3 Nb6 14. h4 d6 15. h5
c5 16. b4 Bg4 17. bxc5 dxc5 18. Qd2 Ng8 19. Qc3+ Qf6 20. hxg6 hxg6 21. Ng5
Qxc3+ 22. Nxc3 Nf6 23. f3 Rh8 24. O-O-O b4 25. e5 Nfd7 26. fxg4 bxc3 27. e6 Nf6
28. Rxh8 Rxh8 29. Nxf7 Re8 30. Nd6 Rd8 31. g5 Rxd6 32. gxf6+ Kxf6 33. Rf1+ Ke7
34. Rf7+ Kd8 35. e7+ Ke8 36. Rg7 Nxd5 37. Ba4+ Rd7 38. Rg8+ 1-0

[Event "Rochefort Master 2018"]
[Site "Palais des Congrès de Rochefort"]
[Date "2018.02.17"]
[Round "1.7"]
[White "Boricha, Ketan"]
[Black "Shyam, Sundar M"]
[Result "0-1"]
[WhiteElo "2081"]
[BlackElo "2521"]
[PlyCount "80"]
[EventDate "2018.02.18"]

1. e4 e5 2. Nf3 Nc6 3. Bc4 Bc5 4. O-O Nf6 5. d3 d6 6. c3 a6 7. a4 Ba7 8. Bg5 h6
9. Be3 Qe7 10. Nbd2 a5 11. Bxa7 Rxa7 12. d4 O-O 13. h3 g6 14. Re1 Nh5 15. Bb5
Nb8 16. Bf1 Nf4 17. b4 axb4 18. Nc4 bxc3 19. dxe5 dxe5 20. Ncxe5 Ra5 21. Nc4
Rc5 22. Qc1 Qf6 23. Qe3 Ne6 24. e5 Qf4 25. Qxc3 Ng5 26. Nfd2 Be6 27. Re3 Rd8
28. g3 Qf5 29. Qb4 b6 30. h4 Nh3+ 31. Bxh3 Qxh3 32. Na3 Nc6 33. Qb2 Rxd2 34.
Qxd2 Bd5 35. f4 Qh1+ 36. Kf2 Qg2+ 37. Ke1 Qg1+ 38. Ke2 Qxa1 39. Rd3 Qh1 40. Nb5
Bc4 0-1

[Event "Rochefort Master 2018"]
[Site "Palais des Congrès de Rochefort"]
[Date "2018.02.17"]
[Round "1.8"]
[White "Ider, Borya"]
[Black "Bartakke, Amardeep S"]
[Result "1-0"]
[WhiteElo "2514"]
[BlackElo "2078"]
[Annotator "chris"]
[PlyCount "123"]
[EventDate "2018.02.18"]
[WhiteTeam "Mulhouse Philidor"]

1. d4 Nf6 2. Nf3 e6 3. g3 b6 4. Bg2 Ba6 5. O-O Be7 6. Ne5 c6 7. c4 d5 8. cxd5
cxd5 9. Nc3 O-O 10. Bf4 Bb7 11. Rc1 Nbd7 12. Nd3 a6 13. Bc7 Qc8 14. Na4 b5 15.
Bf4 Qd8 16. Nac5 Nxc5 17. dxc5 Bc6 18. Qc2 a5 19. a3 a4 20. Rfd1 Qc8 21. Nb4
Re8 22. Bg5 Ra7 23. Bxf6 Bxf6 24. e4 dxe4 25. Nxc6 Qxc6 26. Bxe4 Qa6 27. Bxh7+
Kh8 28. Bd3 Qa5 29. Qe2 g6 30. c6 b4 31. axb4 Qxb4 32. Qe3 Qe7 33. Rc2 Rb8 34.
Qf4 Rc7 35. Qxa4 Rxb2 36. Rxb2 Bxb2 37. h4 Kg7 38. Kg2 Qc5 39. Be4 f5 40. Bf3
Bf6 41. Qa8 Ra7 42. Rc1 Rxa8 43. Rxc5 Bd4 44. Rc4 Be5 45. g4 Ra7 46. g5 Kf7 47.
Rb4 Rc7 48. Ra4 Ke7 49. Ra8 Kf7 50. Kf1 Re7 51. Ke2 Re8 52. Ra5 Bd6 53. h5 Re7
54. h6 Kg8 55. Rb5 Kf8 56. Rb7 Bc7 57. Ra7 Kg8 58. Kd3 Kh7 59. Kc4 e5 60. Bd5
e4 61. Kc5 f4 62. Bxe4 1-0